| 000 | 00372nam a2200133Ia 4500 | ||
|---|---|---|---|
| 001 | 3802 | ||
| 008 | 241024s9999 xx 000 0 und d | ||
| 082 | _a310.801/P831c/2013 | ||
| 100 | _aPopulation reference bureau, prb. | ||
| 245 | 0 | _aCuadro de datos de la población mundial 2013 | |
| 260 |
_bWashington, EEUU _c2013 |
||
| 901 | _a11/7/2014 10:50:41 a.m. | ||
| 999 |
_c11204 _d11204 |
||